Computación en la nube: estrategias de Cloud Computing en las empresas

Збережено в:
Бібліографічні деталі
Автор: Joyanes Aguilar, Luis (Автор)
Формат: Книга
Мова:Іспанська
Опубліковано: Cuernavaca Alfaomega 2012
Редагування:1a. ed
Предмети:
Теги: Додати тег
Немає тегів, Будьте першим, хто поставить тег для цього запису!

MARC

LEADER 00000cam a2200000 a 4500
001 UCF9496
003 CL-VaPUC
008 131125e20120700mx |||||||||||||||||spa|d
020 |a 9786077074687 
082 0 4 |a 004.5  |b JOY  |2 21 
100 |a Joyanes Aguilar, Luis  |e author  |9 582884 
245 1 0 |a Computación en la nube: estrategias de Cloud Computing en las empresas 
250 |a 1a. ed 
300 |a 520 p 
942 |c BK 
945 |d 20131125 03:22:00  |a dcastane 
260 |a Cuernavaca  |b Alfaomega  |c 2012 
650 0 |a Almacenamiento de datos   |9 488735 
650 0 |a Gestión de datos  |9 353312 
650 0 |a Protección de datos  |9 262446 
650 0 |a Redes de computadores  |9 263293 
650 0 |a Cloud computing   |9 571836 
583 |a last modification  |c 20190329 01:54:37  |k Rodrigo Vera 
999 |c 353939  |d 353937 
952 |0 0  |1 0  |3 erb  |4 0  |6 004_500000000000000_JOY_2012  |7 0  |8 A  |9 459443  |a BIBING  |b BIBING  |i 5030404  |o 004.5 JOY 2012  |p 5030404  |r 2024-01-25  |w 2019-11-23  |y BK  |z Catalogado en:20131125  |k CCI 
952 |0 0  |1 0  |3 erb  |4 0  |6 004_500000000000000_JOY_2012  |7 0  |8 A  |9 459444  |a BIBING  |b BIBING  |i 5030412  |o 004.5 JOY 2012  |p 5030412  |r 2024-01-25  |w 2019-11-23  |y BK  |z Catalogado en:20131125  |k CCI 
952 |0 0  |1 0  |3 erb  |4 0  |6 004_500000000000000_JOY_2012  |7 0  |8 A  |9 459445  |a BIBING  |b BIBING  |i 5030420  |o 004.5 JOY 2012  |p 5030420  |r 2024-01-25  |w 2019-11-23  |y BK  |z Catalogado en:20131125  |k CCI 
952 |0 0  |1 0  |3 erb  |4 0  |6 004_500000000000000_JOY_2012  |7 0  |8 A  |9 459447  |a BIBING  |b BIBING  |i 5132851  |o 004.5 JOY 2012  |p 5132851  |r 2024-01-25  |w 2019-11-23  |y BK  |z Catalogado en:20141230  |k CCI 
952 |0 0  |1 0  |3 erb  |4 0  |6 004_500000000000000_JOY_2012  |7 0  |8 A  |9 459448  |a BIBING  |b BIBING  |i 513286K  |o 004.5 JOY 2012  |p 513286K  |r 2024-01-25  |w 2019-11-23  |y BK  |z Catalogado en:20141230  |k CCI 
952 |0 0  |1 0  |3 erb  |4 0  |6 004_500000000000000_JOY_2012  |7 0  |8 A  |9 459450  |a BIBING  |b BIBING  |i 5132886  |o 004.5 JOY 2012  |p 5132886  |r 2024-01-25  |w 2019-11-23  |y BK  |z Catalogado en:20141230  |k CCI 
952 |0 0  |1 0  |3 erb  |4 0  |6 004_500000000000000_JOY_2012  |7 0  |8 A  |9 459452  |a BIBING  |b BIBING  |i 5540682  |o 004.5 JOY 2012  |p 5540682  |r 2024-01-25  |w 2019-11-23  |y BK  |z Catalogado en:20190329  |k CCI 
952 |0 0  |1 0  |3 erb  |4 0  |6 004_500000000000000_JOY_2012  |7 0  |8 A  |9 459453  |a BIBING  |b BIBING  |i 5540674  |o 004.5 JOY 2012  |p 5540674  |r 2024-01-25  |w 2019-11-23  |y BK  |z Catalogado en:20190329  |k CCI